| 000 | 01966nam a22002657a 4500 | ||
|---|---|---|---|
| 999 |
_c57635 _d57635 |
||
| 003 | Ge_BSU | ||
| 005 | 20200824123826.0 | ||
| 008 | 200824s2018 ge ||||| |||| 00| 0 geo d | ||
| 020 | _a9789941956195 | ||
| 041 | _ageo | ||
| 080 | _a808.5(082) რ-64 | ||
| 245 |
_aრიტორიკა : _bქრესტომათია / _cშემდგენლები: თ. ჯაგოდნიშვილი, ი. გაბისონია, ი. ჯაგოდნიშვილი ; რედაქტორები: ჯ. გახოკიძე, ჯ. გაბელია, ქ. ქოქრაშვილი. |
||
| 264 |
_aთბილისი : _bიურისტების სამყარო, _c2018. |
||
| 300 |
_a434 გვ. ; _b20 სმ. |
||
| 500 | _aწიგნი გამოცემულია საქ. ტექნიკური უნ-ტის სამართლისა და საერთაშორისო ურთიერთობების ფაკ-ტისა და საინჟინრო ეკონომიკის, მედიატექნოლოგიებისა და სოციალურ მეცნიერებათა ფაკ-ტის მხარდაჭერით. | ||
| 653 | _aრიტორიკა | ||
| 653 | _aქრესტომათიები. | ||
| 700 |
_aჯაგოდნიშვილი, თემურ _eშემდგენელი _99286 |
||
| 700 |
_aგაბისონია, ირაკლი, _eშემდგენელი _97024 |
||
| 700 |
_aჯაგოდნიშვილი, ივანე, _eშემდგენელი _99283 |
||
| 700 |
_aგახოკიძე, ჯ., _eრედაქტორი. _99284 |
||
| 700 |
_aგაბელია, ჯ., _eრედაქტორი _99285 |
||
| 700 |
_aქოქრაშვილი, ქ., _eრედაქტორი _99280 |
||
| 942 |
_2udc _cBK |
||